| 000 | 00692nam a22001937a 4500 | ||
|---|---|---|---|
| 003 | OSt | ||
| 005 | 20220915165324.0 | ||
| 008 | 220915b |||||||| |||| 00| 0 eng d | ||
| 040 | _cBiblioteca Lado V | ||
| 082 |
_a750.9 _bSA161p |
||
| 100 | _aSalazar Retana, Luis | ||
| 245 |
_aColección de Pintura Contemporánea/ _bEl Salvador/ |
||
| 260 |
_aEl Salvador _bPatronato pro Patrimonio Cultural _c1995 |
||
| 300 |
_a142p. _c25x29cm |
||
| 650 |
_2Tesauro de Arte & Arquitectura _aPINTURA CONTEMPORANEA |
||
| 650 |
_2Tesauro de Arte & Arquitectura _aPINTURA LATINOAMERICANA |
||
| 650 |
_2Tesauro de Arte & Arquitectura _aEL SALVADOR |
||
| 942 |
_2ddc _c1 _h750.9 _iSA161p _n0 |
||
| 999 |
_c2037 _d2037 |
||